Statystyki dla Najdłuższe rzeki w Polsce

Kliknij tutaj aby rozwiązać quiz!

Ogólne statystyki

  • Ten quiz został rozwiązany 230 razy
  • Średni wynik to 15 z 56

Statystyki odpowiedzi

Długość (km)Rzeka% Poprawnych
1047Wisła
99%
742Odra
98%
808Warta
93%
587Bug
86%
457San
70%
448Narew
64%
303Wieprz
61%
247Dunajec
57%
391Noteć
53%
198Nysa Łużycka
52%
319Pilica
51%
270Bóbr
48%
205Wisłok
47%
238Brda
45%
182Nysa Kłodzka
45%
155Biebrza
34%
164Wisłoka
32%
198Wda
31%
249Wkra
31%
207Drwęca
30%
166Bzura
27%
190Łyna
22%
151Nida
22%
164Obra
22%
217Prosna
22%
145Gwda
21%
139Parsęta
20%
63Poprad
17%
186Drawa
16%
168Rega
15%
126Ina
14%
139Barycz
13%
108Czarna Hańcza
13%
132Raba
13%
132Mała Panew
12%
169Pasłęka
12%
138Słupia
12%
138Kamienna
11%
96Osa
11%
151Wierzyca
11%
134Ner
10%
120Krzna
9%
140Wieprza
9%
127Omulew
7%
142Orzyc
7%
116Radomka
7%
114Skrwa
6%
113Ełk
5%
142Liwiec
5%
103Radunia
5%
100Nurzec
4%
118Wełna
4%
157Lega
1%
102Netta
1%
102Supraśl
1%
103Szkwa
1%

Rozkład punktacji

Percentyl według liczby udzielonych odpowiedzi

Procent ludzi z każdym wynikiem

Twoja historia wyników

Nie rozwiązałeś tego quizu